Normal view
MARC view
Entry Personal Name
001 - CONTROL NUMBER
- control field: 27461
003 - CONTROL NUMBER IDENTIFIER
- control field: OSt
005 - DATE AND TIME OF LATEST TRANSACTION
- control field: 20220110151415.0
008 - FIXED-LENGTH DATA ELEMENTS
- fixed length control field: 220110|| aca||aabn | a|a d
040 ## - CATALOGING SOURCE
- Original cataloging agency: OSt
- Transcribing agency: OSt
100 ## - HEADING--PERSONAL NAME
- Personal name: TEKLEGIORGIS ASSEFA
670 ## - SOURCE DATA FOUND
- Source citation: Work cat.: (OSt)26354: TEKLEGIORGIS ASSEFA, Risk management and insurance, 2004